Statistics for Desktop Case Form Factors

Click here to take the quiz!

General Stats

  • This quiz has been taken 11 times
  • The average score is 3 of 8

Answer Stats

HintAnswer% Correct
ATXAdvanced Technology Extended
100%
EATX (Size)13 x 12
50%
ATX (Size)9.6 x 12
50%
BTXBalanced Technology Extended
50%
NLXNew Low Profile Extended
50%
I/O Port (SIze)6.25
0%
Mini - ITX (Size)6.7 x 6.7
0%
microATX (Size)9.6 x 9.6
0%

Score Distribution

Percentile by Number Answered

Percent of People with Each Score

Your Score History

You have not taken this quiz